LIBRARY & INFORMATION CENTRE, KCAET, TAVANUR

ONLINE PUBLIC ACCESS CATALOGUE (OPAC)

Irrigation Principles and Practices / (Record no. 13564)

MARC details
000 -LEADER
fixed length control field 00435cam a2200169ua 4500
003 - CONTROL NUMBER IDENTIFIER
control field OSt
008 - FIXED-LENGTH DATA ELEMENTS--GENERAL INFORMATION
fixed length control field 240215b |||||||| |||| 00| 0 eng d
041 ## - LANGUAGE CODE
Language code of text/sound track or separate title eng
082 ## - DEWEY DECIMAL CLASSIFICATION NUMBER
Classification number 631.587
Item number ISR/IR
100 ## - MAIN ENTRY--AUTHOR NAME
Personal name Israelsen, Orson W .
245 ## - TITLE STATEMENT
Title Irrigation Principles and Practices /
250 ## - EDITION STATEMENT
Edition statement 3 /
260 ## - PUBLICATION, DISTRIBUTION, ETC. (IMPRINT)
Place of publication London :
Name of publisher John Wiley & Sons ,
Year of publication 1962.
300 ## - PHYSICAL DESCRIPTION
Number of Pages 449 ; .
700 1# - ADDED ENTRY--PERSONAL NAME
Personal name Hansen, Vaughn E .
942 ## - ADDED ENTRY ELEMENTS (KOHA)
Koha item type Books
Holdings
Withdrawn status Lost status Damaged status Home library Current library Shelving location Date acquired Full call number Accession Number Koha item type
      KAUAET KAUAET General Stacks 07/04/2012 631.587 ISR/IR 14272 Books
free website counter